000 00804nam a2200253Ia 4500
003 PE SENCICO BE
005 20251020182531.0
008 200515s9999 xx 000 0 und d
020 _a978-84-252-3284-8
040 _aPE SENCICO BE
_cPE SENCICO BE
041 _aspa
082 _a701.85
_bI91
100 1 _aItten, Johannes
_91350
_eautor
245 1 0 _aEl arte del color :
_bla experiencia subjetiva y el conocimiento objetivo como caminos para el arte /
_cJohannes Itten
250 _a1a ed.
260 _aBarcelona :
_bGG,
_c2022
300 _a136 p. :
_bil. col.,
_c23 cm.
650 1 0 _aColor en la arquitectura
_930
650 2 0 _aColores
_9429
650 2 0 _aColor en el arte
_91351
650 2 0 _aAnálisis colorimétrico
_91352
650 2 0 _aPsicología del arte
_988
942 _cLIB
_2ddc
999 _c2071
_d2071